| 000 | 01161nam a22002177a 4500 | ||
|---|---|---|---|
| 003 | OSt | ||
| 005 | 20210317135754.0 | ||
| 008 | 210317r199? ck abo|gr|||| 00| 0 spa d | ||
| 040 |
_aCO-JMCR _cCO-JMCR |
||
| 041 | 0 |
_aspa _heng |
|
| 082 | 0 | 4 |
_a332.67309861 / _bB693c _223 |
| 110 | 1 |
_aBolsa de Bogotá _936239 |
|
| 245 |
_aColombia : _bthe place to invest / _cBolsa de Bogotá |
||
| 260 |
_aBogotá : _bBolsa de Bogotá, _c[199?] |
||
| 300 |
_a196 páginas : _bmapas y fotografías a color ; _c33 cm. |
||
| 505 | 0 | _aEs evidente nuestro interés en la inversión extranjera -- Colombia, el lugar para invertir -- Visión del país -- Recursos naturales -- Infraestructura -- Producción nacional -- Recursos humanos -- Comercio exterior -- Política económica -- Apertura económica -- Inversión extranjera -- Empresas extranjeras en Colombia -- Mercado de capitales -- Bolsa de Bogotá -- Comisión de la bolsa de Bogotá -- País para invertir -- Embajadas de Colombia | |
| 650 | 1 | 4 |
_aInversiones extranjeras _zColombia _97872 |
| 650 | 2 | 4 |
_aPromoción de exportaciones _zColombia _936240 |
| 650 | 2 | 4 |
_aMercado de capitales _zColombia _97652 |
| 942 |
_2ddc _cBK |
||
| 999 |
_c15414 _d15414 |
||